000
00382cam a2200169ua 4500
020
_c
Rs. 1.25
041
_a
mal
_h
082
_a
612
_b
BHA/MA
100
_a
Bhaskarapaniker, M A .
245
_a
Mannushyan enna yanthram
260
_a
Thrissur :
_b
Current Books ,
_c
1690.
300
_a
78 ; .
365
_a
Rs. 1.25
504
_a
942
_c
BK
999
_c
441
_d
441